Finance and leisure

Bibliographic Details
Main Author: Whitehouse, Jan
Format: Book
Published: Havlow,Essex : Longman Group Ltd , 1992
Subjects:

MARC

LEADER 00000cam a2200000 7i4500
001 0000003512
005 20030423.0
020 |a 0582093686 
040 |a INS 
090 0 0 |a GV188.3.   |b S33W 1992 
100 1 |a Whitehouse, Jan 
245 1 0 |a Finance and leisure   |c Jan Whitehouse and Colin Tilley 
260 |a Havlow,Essex :   |b Longman Group Ltd ,   |c 1992 
300 |a vi, 191p. ;   |c 21.5 cm. 
650 0 0 |a Leisure 
650 0 0 |a Leisure properties   |x Finance 
650 0 0 |a Leisure   |x Management 
999 |a 0000005113   |b BOOK   |c Open Shelf   |e Default branch